书目信息 |
| 题名: |
我国保险消费选择行为的经济分析
|
|
| 作者: | 盛敏 著 | |
| 分册: | ||
| 出版信息: | 北京 经济科学出版社 2008.03 |
|
| 页数: | 294页 | |
| 开本: | 20cm | |
| 丛书名: | 中青年经济学家文库 | |
| 单 册: | ||
| 中图分类: | F842 | |
| 科图分类: | ||
| 主题词: | 保险--bao xian--消费--经济分析--中国 | |
| 电子资源: | ||
| ISBN: | 978-7-5058-6946-2 | |
| 000 | 00978nam 2200277 450 | |
| 001 | 003799969 | |
| 005 | 20080909164101.82 | |
| 010 | @a978-7-5058-6946-2@dCNY25.00 | |
| 100 | @a20080619d2008 em y0chiy50 ea | |
| 101 | 0 | @achi |
| 102 | @aCN@b110000 | |
| 105 | @ay a 000yy | |
| 200 | 1 | @a我国保险消费选择行为的经济分析@Awo guo bao xian xiao fei xuan ze xing wei de jing ji fen xi@e中青年@f盛敏著 |
| 210 | @a北京@c经济科学出版社@d2008.03 | |
| 215 | @a294页@d20cm | |
| 225 | 2 | @a中青年经济学家文库@Azhong qing nian jing ji xue jia wen ku |
| 320 | @a有书目 (第277-292页) | |
| 330 | @a本书主要是对我国保险消费选择行为的有限理性特征进行了分析和实验检验,并在此基础上提出对保险经营企业和政府相关决策部门的政策建议。 | |
| 410 | 0 | @12001 @a中青年经济学家文库 |
| 517 | 1 | @a中青年@Azhong qing nian |
| 606 | 0 | @a保险@Abao xian@x消费@x经济分析@y中国 |
| 690 | @aF842@v4 | |
| 701 | 0 | @a盛敏@Asheng min@4著 |
| 801 | @aCN@c20080909 | |
| 905 | @dF842@eS474 | |
| 999 | @aCYP | |
| 我国保险消费选择行为的经济分析:中青年/盛敏著.-北京:经济科学出版社,2008.03 |
| 294页;20cm.-(中青年经济学家文库) |
| ISBN 978-7-5058-6946-2:CNY25.00 |
| 本书主要是对我国保险消费选择行为的有限理性特征进行了分析和实验检验,并在此基础上提出对保险经营企业和政府相关决策部门的政策建议。 |
| ● |
| 相关链接 |
|
|
|
正题名:我国保险消费选择行为的经济分析
索取号:F842/S474
 
预约/预借
| 序号 | 登录号 | 条形码 | 馆藏地/架位号 | 状态 | 备注 |
| 1 | 677010 | 206770109 | 社科库409/409社科库 55排3列4层/ [索取号:F842/S474] | 在馆 | |
| 2 | 677011 | 206770118 | 社科库409/409社科库 55排3列4层/ [索取号:F842/S474] | 在馆 | |
| 3 | 677012 | 206770127 | 社科库409/409社科库 55排3列4层/ [索取号:F842/S474] | 在馆 |